| 000 | 00503nam a2200157Ia 4500 | ||
|---|---|---|---|
| 008 | 230921s9999||||xx |||||||||||||| ||und|| | ||
| 020 | _a978-3-030-02946-3 | ||
| 041 | _aEN | ||
| 100 | _aGregory Neocleous | ||
| 245 | 0 | _aSocial Insurance and Older People in Cyprus | |
| 250 | _a1st ed. 2019 | ||
| 260 |
_c2019 _bSpringer International Publishing |
||
| 856 | _uhttps://doi.org/10.1007/978-3-030-02946-3 | ||
| 856 | _uhttps://link.springer.com/openurl?genre=book&isbn=978-3-030-02946-3 | ||
| 942 | _cEB | ||
| 999 |
_c255850 _d255850 |
||